000 00758cab a2200265 4500
001 ABS49607
008 090401t1993 xxu||||| |||| 00| 0 eng d
035 _a(Sirsi) u71927
041 _aeng
100 _aRobinson, R.
245 _aEarthquakes: where the fault lies
260 _c1993
350 _a0
490 _aValuer (ISVA)
_vNovember 1993, 13-14(2)
520 _aA brief consideration of the design of buildings in regions, where severe earthquakes can occur.
650 _aBUILT ENVIRONMENT-CONSTRUCTION DESIGN
650 _aCALIFORNIA
650 _aCITIES
650 _aEARTHQUAKES
650 _aSOUTH AMERICA
650 _aUNITED KINGDOM
690 _aBUILT ENVIRONMENT-CONSTRUCTION DESIGN
942 _n0
948 _c04/03/1997
999 _c45368
_d45368